000
00252nam a2200097Ia 4500
008
220204s9999 xx 000 0 und d
082
_a
058(1-4)
_b
COM
245
4
_a
The commonwealth yearbook 2003
260
_a
UK
_b
The Stationery Office
_c
2002
942
_c
BK
999
_c
44086
_d
44086